000 00367nam a2200157Ia 4500
008 230711s9999||||xx |||||||||||||| ||und||
041 _aENG
082 _a720
_bSA-G
100 _aSaarinen,Eero
245 0 _aGA : bell telephone corporation
250 _a1st Ed.
260 _c1971
_aTokyo
_bADA Edita,Tokyo
300 _a205
650 _aArchitecture
942 _cBK
999 _c1576
_d1576